000 00638nam a2200241Ia 4500
003 OSt
005 20221006144721.0
006 a|||||r|||| 00| 0
007 ta
008 221006b |||||||| |||| 00| 0 eng d
020 _a0233972951
_cP8.95
024 _a12,478
037 _cTextual
040 _aEASL
_cEASL
_beng
041 _2eng
_aeng
082 _aV41.N79, M1
100 _aGARSIDE Roger Au.
_9652690
245 0 _aComing Alive
_b China after Mao
260 _aLondon
_bAndre Deutsch
_c1981
300 _a458p.
_ccm.
942 _hV41.N79, M1
_cTEXL
_2CC
999 _c1080564
_d1080564